00471nam a2200145Ia 4500008004100000020002200041082001200063100002400075245011400099250001200213260004200225300001200267600003300279650001300312241115s9999 xx 000 0 und d a978-981-4133-03-6 a428 KIR aKirkpatrick,, Betty 0aVocabulary Building 4: a workbook specially designed to improve the vocabulary and writing skills of students a1st ed. aSingapore:bLearnce Publishing,c2004 av,136p. aHumanities & Natural Science aLanguage